000 00450nam a2200169 i 4500
001 bg
245 0 _aCrystal growth :
_btheory and techniques.
_nVol.2 /
_ced. by C.H.L. Goodman.
260 _aNew York :
_bPlenum Press,
_c1977.
700 1 _aGoodman, C. H. L.
020 _a0306351021 (vol.2)
040 _cBPK
041 _apol
080 _a548.5
920 _a0-306-35102-1 (vol.2)
942 _cKS
008 s pl f |000 0 pol
999 _c18616
_d18616
856 _uhttp://koha.tu.koszalin.pl/cgi-bin/koha/opac-detail.pl?biblionumber=18616
_yKatalog online BPK